| 000 | 00365 a2200145 4500 | ||
|---|---|---|---|
| 001 | 155415 | ||
| 040 | _cEscola São Tomás de Aquino | ||
| 100 | _aCHILD, Lauren | ||
| 240 | 1 | 0 |
_aEu sou muito pequena para ir a escola _lpor |
| 245 | 1 | 0 | _aEu sou muito pequena para ir a escola |
| 300 | _a2007 | ||
| 440 | 1 | _aÁtica | |
| 697 | _a*LITERATURA INFANTO | ||
| 942 | _cBK | ||
| 999 |
_c155415 _d155415 |
||